000 00634nam a2200277Ia 4500
005 20260324151015.0
008 008 260324s9999 xx 000 0 eng d
020 _a9780429058394
037 _aEBOOK
040 _aCRL
040 _beng
040 _cCRL
041 _2eng
041 _aeng
084 _qCRL
100 _aEdward Pease
_91228402
245 4 _aThe History of the Fabian Society
260 _bTaylor and Francis
260 _c1918
365 _a
365 _b180
856 _uhttp://www.taylorfrancis.com/books/9780429058394
942 _cEBOOK
999 _c1838795
_d1838795